000 00263nam a22001217a 4500
999 _c12004
_d12004
020 _a978-0195790511
082 _a954.04
100 _aGurharpal Singh
245 _aRegion and Partition
260 _aKarachi
_bOxford Press
_c1999
300 _a407
942 _cBK